| 000 | 01599cad a22002535a 4500 | ||
|---|---|---|---|
| 001 | L152288 | ||
| 008 | 110217e20110217xxkd f s f000 0 eng d | ||
| 020 | _a9781409828303 | ||
| 035 | _a(Sirsi) u152288 | ||
| 041 | 0 | _aeng | |
| 110 | 1 |
_aUnited Kingdom _bDepartment for Communities and Local Government _94939 |
|
| 245 | 0 | 0 |
_aHouse building _bDecember quarter 2010, England _h[electronic resource] |
| 260 |
_aLondon _bDCLG _c2011 |
||
| 490 | 0 |
_aDCLG Housing Statistical Release _vDecember Quarter 2010, 17 February 2011 |
|
| 505 | 2 | _aStarts and completions in England -- Tenure trends -- Regional trends -- House building targets -- Data collection -- Accompanying tables -- Background notes | |
| 520 | _aPresents figures on new build housing starts and completions in England; figures for the UK and constituent countries are also available in the accompanying tables; the latest statistics report on the period October to December 2010 and update those previously released on 18 November 2010. house building: December quarter 2010, England; house building tables: December quarter 2010, England and the regions, UK and constituent countries; pre-release access list: house building. | ||
| 590 | _aKA NTK | ||
| 650 | 2 | 4 | _aDCLG QUARTERLY HOUSE BUILDING STATISTICS |
| 651 | 4 |
_aEngland _y886- |
|
| 690 | _aPROPERTY-RESIDENTIAL PROPERTY-RESIDENTIAL PROPERTY DEVELOPMENT | ||
| 690 | _aBUILT ENVIRONMENT-CONSTRUCTION MARKET | ||
| 856 | 4 | 0 |
_uhttps://www.communities.gov.uk/publications/corporate/statistics/housebuildingq42010 _zView the item free of charge at www.communities.gov.uk |
| 942 | _n0 | ||
| 999 |
_c111970 _d111970 |
||